000 00600nam a2200241 a 4500
001 nice12345678
003 IN_TiNIC
005 20260116011424.0
008 050524s1924 laha grc 000 0 49g
020 _a
_c100
082 0 0 _a232.3
_bGAI
100 _aGairdner, W H T
245 _aMasih Ki Maut Ke Mukhtalif Pehlu
260 _aLahore
_bPunjab Religious Booksociety
_c1924
300 _a33p
500 _aincludes index and biblioraphy
505 2 _aHand Written Manuscript
650 _aAtonement
700 1 _aGairdner, W H T
902 _bSRS
942 _cPC
999 _c1396
_d1396